| 000 | 00406nam a22001577a 4500 | ||
|---|---|---|---|
| 999 |
_c6030 _d6030 |
||
| 003 | OSt | ||
| 005 | 20190111164828.0 | ||
| 008 | 190111b ||||| |||| 00| 0 eng d | ||
| 020 | _a0633049735 | ||
| 040 | _cDLC | ||
| 082 | _a264 | ||
| 245 |
_aLet's worship/ _bsummer 2001 _cCasas Adobes Baptist Church |
||
| 260 |
_aNashille _bLife Way Christian Resources _cc2001 |
||
| 300 |
_a98 p.; _c26cm |
||
| 942 |
_2ddc _cBK |
||